000 00937nam a2200193 i 4500
001 156085
003 ES-MaACL
005 20250817154036.0
008 991116s1850 sp |||| | spa d
100 1 _aIrizar, José.
_9128202
245 1 0 _aMemoria sobre los fuegos cubiertos, presentada en 1º de setiembre de 1847 al Excmo. Sr. Ingeniero General, sobre la primera cuestión de las llamadas a concurso para los premios que han de adjudicarse este año, según el programa circulado en 15 de noviembre de 1846 /
_cpor el coronel de Infantería... D. José de Irizar.
260 _aMadrid :
_b[s.n.],
_c1850 (
_fImp. Nacional)
300 _a39 p. ;
_c23 cm.
597 _aPort. con esc. real xil.
650 4 _aFortificaciones-
_zEspaña.
_9161714
710 2 _aImprenta Nacional
_9134461
852 4 _aES-MaACL
_jT-100-F-7
_z- Enc. hol., falto de cub. original
_z- Enc. en un vol. facticio
999 _c156085
_d156085